000 00663nam a2200157 a 4500
008 120416s1966 ||||||||||||||||| || u
020 _a0094504903
050 _aQK 9 Ush
100 _aUsher, George
245 1 2 _aA Dictionary of botany including terms in biochemistry, soil science, and statistics
260 _aLondon
_bConstable & Co
_c1966
300 _aiii, 408p. : ill.
350 _a0.00
995 _aREFERENCE BOOKS
_D0.00
_e720377
_FCBU-MAIN LIBRARY (Kitwe)
_H2
_I12.50
_jQK 9 Ush
_M2
_UREFERENCE
_y023049
_ZReference Collection
995 _aREFERENCE BOOKS
_D0.00
_e720376
_FCBU-MAIN LIBRARY (Kitwe)
_H1
_I12.50
_jQK 9 Ush
_M1
_UREFERENCE
_y023050
_ZReference Collection
999 _c63529
_d63529